<The> Impact of Consumer Behavior on Healthy Lifestyle and Disease Prevention

Ozrejmenie špecifík spotrebiteľského správania mladých ľudí v súvislosti so zdravým životným štýlom a preveciou chorôb. Preferencie spotrebiteľov pri nákupe potravín a farmaceutických produktov.

Salvato in:
Dettagli Bibliografici
Autore principale: Klepochová, Dagmar, 1968-
Altri autori: Korčoková, Marína, 1970-, Loydlová, Miroslava
Natura: Capitolo di libro
Lingua:inglese
Soggetti:
Tags: Aggiungi Tag
Nessun Tag, puoi essere il primo ad aggiungerne!!

MARC

LEADER 00000naa$a2200000$$$4500
001 0254448
005 20240502083727.1
041 0 |a eng 
044 |a CZ 
245 1 0 |a <The> Impact of Consumer Behavior on Healthy Lifestyle and Disease Prevention  |c Dagmar Klepochová, Marína Korčoková, Miroslava Loydlová 
520 |a Ozrejmenie špecifík spotrebiteľského správania mladých ľudí v súvislosti so zdravým životným štýlom a preveciou chorôb. Preferencie spotrebiteľov pri nákupe potravín a farmaceutických produktov. 
610 2 0 |a správanie spotrebiteľa 
610 2 0 |a štýl životný 
610 2 0 |a prevencia 
610 2 0 |a starostlivosť zdravotná 
610 2 0 |a vzdelávanie 
610 2 0 |a generácie 
100 1 |a Klepochová, Dagmar, 1968- 
700 1 |a Korčoková, Marína, 1970- 
700 1 |a Loydlová, Miroslava